000 00540nam a2200169 4500
999 _c4410
_d4410
008 160907b xxu||||| |||| 00| 0 eng d
022 _a2094-8042
082 _aDPer 370.105 M72 Jan-Dec 2012 V. 60-61
100 _914245
_aDela Cruz, John A.
243 _aThe modern teacher
245 _aHerodotus:
_bfather of history/
_cJohn A. Dela Cruz.
260 _aPhilippines:
_bIn the Grade School, Inc.,
_c©2012.
300 _av61 n4, page 127;
_c28 cm.
500 _aThe Modern Teacher.
650 0 _914246
_aHistory
942 _2ddc
_cPER